000 00850nam a2200241Ia 4500
003 GCL
008 140319s9999 xx 000 0 ara d
020 _a2733844092
040 _aGCL /
_cGCL
082 0 4 _a747.7
_bم س
100 1 _aمركز التعريب والبرمجة
245 1 0 _aسلسلة الديكور افكار لتصميم اثاث المكاتب المنزلية /
_cمركز التعريب والبرمجة
250 _aالاولى
260 _aبيروت :
_bالدار العربية للعلوم ،
_c1999
300 _a95 ص ؛
_c30 سم
490 _aسلسلة الديكور
_v0
650 0 4 _aالاثاث الخشبى
650 0 4 _aالاثاث - تصميم
650 0 4 _aالديكور المعمارى
650 0 4 _aالاثاث المكتبى
650 0 4 _aالمكاتب - تصميم
942 _2ddc
_cBK
999 _c56275
_d56275